000 00739nas a2200217 454500
001 15206
005 20260407193505.0
008 260407s1984####ag###########|||spa#d
003 AR-UNSa-BCEJYS
040 _aAR-UNSa-BCEJYS
_bspa
_cAR-UNSa-BCEJYS
080 _a657
_xContabilidad
245 1 0 _aRevista extra trimestral la información
_pcontabilidad-administración
264 1 _aBuenos Aires :
_bCangallo
_c1984
310 _aFrecuencia: Trimestral
942 _cSER
590 _aniveau_biblio:s niveau_hierar:1
100 1 _aWainstein, Mario
650 _aCONTABILIDAD
650 _aAdministración
856 4 1 _uhttps://biblioeco.unsa.edu.ar/pmb/images/revistas/La Informaci?n(revista extra trimestral).jpg
_yImagen de portada
_qimage/jpeg
999 _c8475
_d8475